Statistics for Random Satellite Images Quiz

Click here to take the quiz!

General Stats

  • This quiz has been taken 75 times
  • The average score is 12 of 12

Answer Stats

Answer% Correct
Africa
100%
Australia
100%
Earth
100%
North America
100%
South America
100%
South Island
100%
United Kingdom
100%
Ireland
99%
Moon
99%
Sahara
99%
Hawaii
97%
Scandinavia
96%

Score Distribution

Percentile by Number Answered

Percent of People with Each Score

Your Score History

You have not taken this quiz